Fr. Conceicao Rodrigues College of Engineering

Introduction to embedded systems (Record no. 34652)

MARC details
000 -LEADER
fixed length control field 00361nam a2200169Ia 4500
082 ## - DEWEY DECIMAL CLASSIFICATION NUMBER
Classification number 3.3
Item number SHI
100 ## - MAIN ENTRY--PERSONAL NAME
Personal name Shibu/K.V
245 ## - TITLE STATEMENT
Title Introduction to embedded systems
260 ## - PUBLICATION, DISTRIBUTION, ETC.
Name of publisher, distributor, etc. McGraw Hill
Date of publication, distribution, etc. 2009
366 ## - TRADE AVAILABILITY INFORMATION
Publishers's discount category 25
300 ## - PHYSICAL DESCRIPTION
Extent 716
546 ## - LANGUAGE NOTE
Language note ENGLISH
-- TTL
650 ## - SUBJECT ADDED ENTRY--TOPICAL TERM
Topical term or geographic name entry element Embedded systems
654 ## - SUBJECT ADDED ENTRY--FACETED TOPICAL TERMS
Focus term embedded systems
942 ## - ADDED ENTRY ELEMENTS (KOHA)
Koha item type BOOK
Holdings
Withdrawn status Lost status Damaged status Not for loan Collection Home library Current library Date acquired Source of acquisition Cost, normal purchase price Inventory number Total Checkouts Full call number Barcode Date last seen Cost, replacement price Price effective from Koha item type Total Renewals Date last checked out
        CRC Fr. Agnel's C.Rodrigues College of Engineering Fr. Agnel's C.Rodrigues College of Engineering 17/03/2023 Allied Publishers 397.50 637 dt 22.07.2014   3.3 SHI 23416 17/03/2023 530.00   BOOK    
        CRC Fr. Agnel's C.Rodrigues College of Engineering Fr. Agnel's C.Rodrigues College of Engineering 17/03/2023 Allied Publishers 397.50 637 dt 22.07.2014   3.3 SHI 23417 17/03/2023 530.00   BOOK    
        CRC Fr. Agnel's C.Rodrigues College of Engineering Fr. Agnel's C.Rodrigues College of Engineering 17/03/2023 Allied Publishers 397.50 637 dt 22.07.2014   3.3 SHI 23418 17/03/2023 530.00   BOOK    
        CRC Fr. Agnel's C.Rodrigues College of Engineering Fr. Agnel's C.Rodrigues College of Engineering 17/03/2023 Allied Publishers 397.50 637 dt 22.07.2014   3.3 SHI 23419 17/03/2023 530.00   BOOK    
        CRC Fr. Agnel's C.Rodrigues College of Engineering Fr. Agnel's C.Rodrigues College of Engineering 17/03/2023 Allied Publishers 397.50 637 dt 22.07.2014 1 3.3 SHI 23420 19/08/2024 530.00   BOOK 1 14/07/2023